| 000 | 00499nam a2200217Ia 4500 | ||
|---|---|---|---|
| 008 | 150901s9999 xx 000 0 und d | ||
| 020 | _a8176386464 | ||
| 041 | _aMalayalam | ||
| 082 | _a338.1 | ||
| 082 | _bSAN/NE | ||
| 100 | _aSankaran Nair V | ||
| 100 | _eAuthor | ||
| 245 | _aNellum Samskrithiyum | ||
| 260 | _aThiruvanthan | ||
| 260 | _bState insitute of Languages | ||
| 260 | _c2006 | ||
| 300 | _a323 Pages | ||
| 365 | _a125 | ||
| 650 | _aNellum samskrithiyum | ||
| 942 | _cBK | ||
| 999 |
_c242279 _d242279 |
||